[Event "SR 1. liga zapad 2014/2015"]
[Site "?"]
[Date "2015.03.15"]
[Round "11.6"]
[White "Sopko, Rudolf"]
[Black "Skreno, Vladimir"]
[Result "0-1"]
[WhiteElo "1839"]
[BlackElo "2244"]
[PlyCount "92"]
[EventDate "2014.??.??"]

1. e4 c5 2. Nf3 Nc6 3. Bb5 g6 4. c3 Bg7 5. O-O a6 6. Ba4 b5 7. Bc2 d6 8. d3 e6
9. a3 Nge7 10. Be3 O-O 11. Qd2 a5 12. d4 cxd4 13. Nxd4 Nxd4 14. cxd4 Bd7 15.
Nc3 Qb8 16. Ne2 d5 17. f3 Rc8 18. Bd3 Qb6 19. Rfc1 Nc6 20. e5 Bf8 21. h4 a4 22.
h5 Na5 23. hxg6 Rxc1+ 24. Rxc1 fxg6 25. Qe1 Nc4 26. Bxc4 bxc4 27. Rc2 Rb8 28.
Nc3 Qd8 29. g4 Be7 30. Qg3 Rb3 31. Rh2 Bxa3 32. Qh3 Qe7 33. Bg5 Qf7 34. Bf6
Rxb2 35. Rxb2 Bxb2 36. f4 a3 37. Na2 Bxd4+ 38. Kg2 Bc5 39. Qc3 Qf8 40. Qa5 d4
41. Qc7 Qc8 42. Qa5 c3 43. Kf1 Bf8 44. Qa7 c2 45. Ke2 Bb5+ 46. Kd2 Qc4 0-1

[Event "SR 1. liga zapad 2014/2015"]
[Site "?"]
[Date "2015.10.17"]
[Round "1.5"]
[White "Chovanec, Milan"]
[Black "Hecko, Dusan"]
[Result "0-1"]
[WhiteElo "2143"]
[BlackElo "2105"]
[Annotator "Fritz 12 (20s)"]
[PlyCount "106"]
[EventDate "2014.??.??"]

{B01: Scandinavian Defence} 1. e4 d5 2. exd5 Qxd5 3. Nc3 Qd6 4. d4 Nf6 5. Bc4
a6 6. Nge2 Bg4 {N} (6... Qc6 $5 {must definitely be considered} 7. Bb3 Qxg2 $11
) (6... Qc6 7. Qd3 Qxg2 8. Rg1 Qxh2 9. Bf4 Qh3 10. Ng3 h5 11. Qd2 b5 12. Bb3
Bb7 13. d5 c5 14. dxc6 Nxc6 15. O-O-O Rd8 16. Qe3 h4 $17) 7. f3 $16 Bh5 8. Bf4
Qd8 (8... Qb6 $5 $16) 9. Qd2 e6 10. h4 Bg6 11. O-O-O c6 12. Qe1 Bd6 13. g4 $18
h6 14. Qg3 Bxf4+ $2 (14... Be7 $142 $5 $18) 15. Nxf4 Nd5 16. Nxg6 fxg6 17. Nxd5
(17. Rhe1 $142 O-O 18. Rxe6 $18) 17... cxd5 18. Bd3 g5 19. Bg6+ $4 (19. hxg5
$142 Qxg5+ 20. f4 $18) 19... Kd7 $14 20. Qe5 Qf6 21. Qxf6 gxf6 22. hxg5 fxg5
23. Rh3 Nc6 24. c3 Raf8 25. Rdh1 Rf6 26. Bc2 ({Worse is} 26. Rxh6 Rxh6 27. Rxh6
Kd6 $19) 26... Kd6 27. R1h2 e5 28. dxe5+ Nxe5 29. Bf5 h5 30. Rxh5 Rxh5 31. Rxh5
Nxf3 32. Rh7 b6 33. Rg7 Ke5 34. Kc2 Kf4 35. Rd7 Ne5 36. Rxd5 Nxg4 37. Bxg4 Kxg4
38. b4 Kh4 $19 39. a4 $2 g4 40. c4 g3 41. Rd1 g2 42. Rg1 Kg3 43. Kc3 Kf2 44.
Rxg2+ Kxg2 45. Kd4 Kf3 46. Kd5 Ke3 47. c5 Rf5+ 48. Kd6 bxc5 49. bxc5 Kd4 50. c6
{Plans Kc3} Kc4 51. Kc7 Kb4 52. Kb6 a5 53. c7 Rf8 0-1

[Event "SR 1. liga zapad 2014/2015"]
[Site "?"]
[Date "2015.10.19"]
[Round "2.6"]
[White "Sukuba, Zdeno"]
[Black "Hecko, Dusan"]
[Result "1/2-1/2"]
[WhiteElo "2096"]
[BlackElo "2105"]
[Annotator "Fritz 12 (20s)"]
[PlyCount "82"]
[EventDate "2014.??.??"]

{A54: Old Indian Defence with Nf3, but without e4} 1. c4 Nf6 2. Nf3 d6 3. Nc3
Nbd7 4. g3 e5 5. Bg2 Be7 6. O-O O-O 7. d4 c6 8. b3 Re8 9. dxe5 {N} dxe5 $2 (
9... Nxe5 10. Nxe5 dxe5 11. Qc2 $11) 10. Qc2 Qc7 11. Bb2 Nf8 12. Rac1 Bd7 13.
Rfd1 Ng6 14. Ng5 Rad8 15. Nge4 Be6 16. Nxf6+ Bxf6 17. Be4 Nf8 18. Rxd8 Rxd8 19.
Rd1 g6 20. Rxd8 Qxd8 21. Qd3 Qxd3 22. Bxd3 Be7 23. f4 Nd7 24. e4 f6 25. f5 Bf7
26. Kf2 Bc5+ 27. Kf3 Bd4 28. Nd1 Bxb2 29. Nxb2 Kf8 30. h4 Ke7 31. Bc2 Kd6 32.
Ke3 a5 33. a3 c5 34. g4 h6 35. Na4 g5 36. h5 Nb8 37. Nc3 Nc6 38. a4 Nd4 39. Bd1
Kc6 40. Kd3 Kb6 41. Ke3 Kc6 1/2-1/2

[Event "SR 1. liga zapad 2014/2015"]
[Site "?"]
[Date "2015.11.29"]
[Round "3.8"]
[White "Hecko, Dusan"]
[Black "Danko, Dusan"]
[Result "1-0"]
[WhiteElo "2105"]
[BlackElo "1877"]
[Annotator "Fritz 12 (20s)"]
[PlyCount "91"]
[EventDate "2014.??.??"]

{A16: English Opening: 1...Nf6 with ...d5} 1. c4 g6 2. g3 Bg7 3. Bg2 c6 4. Nc3
Nf6 5. Nf3 O-O 6. O-O d6 7. Rb1 d5 8. cxd5 {N} (8. b3 d4 9. Na4 Re8 10. d3 e5
11. Bg5 h6 12. Bxf6 Qxf6 13. Nd2 Qe7 14. b4 f5 15. Qc2 Be6 16. b5 Rc8 17. Nb3
Rc7 $15) 8... Nxd5 9. Qb3 Na6 10. d3 Ndb4 11. a3 Be6 12. Qa4 Nd5 13. Bd2 Nc5
$11 14. Qc2 Nf6 $2 (14... Nb3 $142 $1 $11) 15. b4 $16 Na6 16. Ng5 Bg4 17. h3
Bd7 $16 18. Kh2 Nc7 $14 19. f4 Ne6 20. Nf3 Nd5 21. e4 $14 Nb6 22. Be3 Rc8 23.
e5 c5 24. b5 Qc7 25. Rfc1 Rfd8 26. a4 Nd4 27. Qf2 (27. Bxd4 cxd4 28. Nxd4 Be8
$18) 27... Nf5 28. Ng5 $4 (28. a5 $142 Na8 29. Nd5 Qxa5 30. Bxc5 $18) 28...
Nxe3 29. Qxe3 Bf5 30. Be4 (30. a5 $5 Rxd3 31. axb6 axb6 32. Qe1 $18) 30... Bxe4
31. Qxe4 (31. Ncxe4 h6 32. Nf3 $14) 31... Rd4 $11 32. Qe3 $2 (32. Qe2 Qd8 33.
e6 f5 $15) 32... Rcd8 (32... Qd8 $142 $5 33. a5 Rxd3 $19) 33. Nge4 $15 Rxd3 34.
Qxc5 $11 Qd7 35. Rd1 $2 (35. a5 $142 Rc8 36. Qf2 $11) 35... Rxd1 $4 (35... Nxa4
$142 36. Qc4 Nxc3 37. Nxc3 Rd2+ 38. Rxd2 Qxd2+ 39. Ne2 Qe3 $19) 36. Rxd1 $18
Qe8 37. a5 Rc8 $2 (37... Rxd1 $142 38. Nxd1 Nc8 $18) 38. Qd4 Nc4 39. Qxa7 Nb2
40. Rd2 Nc4 41. Rd5 f5 42. Nc5 (42. exf6 $142 Bxf6 43. a6 bxa6 44. bxa6 Bxc3
45. Nxc3 $18) 42... b6 $4 (42... e6 43. Rd7 Bf8 $18) 43. axb6 Ne3 44. b7 Nxd5
45. bxc8=Q Qxc8 46. Nxd5 1-0

[Event "SR 1. liga zapad 2015/2016"]
[Site "?"]
[Date "2015.10.24"]
[Round "1.1"]
[White "Mihok, Oliver"]
[Black "Zetocha, Claudiu"]
[Result "1-0"]
[WhiteElo "2510"]
[BlackElo "2322"]
[PlyCount "127"]
[EventDate "2015.??.??"]

1. e4 c5 2. Nf3 e6 3. d4 cxd4 4. Nxd4 a6 5. Nc3 Qc7 6. Bd3 Nc6 7. Nxc6 dxc6 8.
O-O e5 9. f4 Nf6 10. Kh1 Bd6 11. f5 b5 12. a4 Rb8 13. axb5 axb5 14. Be3 Bb4 15.
Qf3 h5 16. Qg3 Qe7 17. Ne2 Kf8 18. Bg5 Bd6 19. Qh4 Bb7 20. Ng3 Qd8 21. Rad1 Be7
22. Bxb5 Qb6 23. Bd3 Ba6 24. b3 Bxd3 25. Rxd3 Qc5 26. Rc1 Ke8 27. Ne2 Rd8 28.
Bxf6 Bxf6 29. Rxd8+ Kxd8 30. Qg3 Ke7 31. Qc3 Qb6 32. Rd1 Ra8 33. h3 h4 34. Ng1
Rb8 35. Nf3 Qb5 36. Kg1 Qb6+ 37. Kf1 Qb5+ 38. Qd3 Qc5 39. Qd7+ Kf8 40. Qd6+
Qxd6 41. Rxd6 Rb4 42. Nd2 Ke7 43. Rxc6 Rd4 44. Nc4 Rxe4 45. Rc7+ Kd8 46. Rxf7
Rf4+ 47. Ke2 Rxf5 48. Ne3 Rg5 49. Ng4 Be7 50. Ke3 Kd7 51. Ke4 Ke6 52. Rf1 Bd6
53. c4 Bc5 54. Ra1 Bd4 55. Ra6+ Kd7 56. b4 Kc7 57. c5 Bg1 58. Re6 Bd4 59. b5
Kd7 60. Rd6+ Ke7 61. Rd5 Ke6 62. b6 Rh5 63. b7 Rh8 64. Nxe5 1-0

[Event "SR 1. liga zapad 2015/2016"]
[Site "?"]
[Date "2015.10.24"]
[Round "1.1"]
[White "Petran, Peter"]
[Black "Petenyi, Tamas"]
[Result "0-1"]
[WhiteElo "2360"]
[BlackElo "2462"]
[PlyCount "146"]
[EventDate "2015.??.??"]

1. g3 g6 2. Bg2 Bg7 3. d4 d6 4. e4 Nf6 5. Ne2 O-O 6. Nbc3 Nbd7 7. h3 a6 8. Be3
e5 9. O-O exd4 10. Bxd4 Re8 11. a4 Qe7 12. Re1 c6 13. a5 Nc5 14. Nf4 Ne6 15.
Nxe6 Bxe6 16. f4 c5 17. Bf2 Qc7 18. g4 Rad8 19. Qf3 h6 20. Bh4 Rb8 21. f5 g5
22. Bg3 Bc4 23. Rad1 Rbd8 24. b3 Bb5 25. Nxb5 axb5 26. e5 dxe5 27. Rxd8 Qxd8
28. Qxb7 Qxa5 29. Bc6 Qc3 30. Bf2 Rd8 31. Bg2 Rd2 32. Qxb5 Rxc2 33. Bf1 Qf3 34.
Re2 Rc1 35. Re3 Qf4 36. Qb8+ Kh7 37. Qxe5 Nxg4 38. Qxf4 gxf4 39. Re1 Rxe1 40.
Bxe1 Bd4+ 41. Kh1 Ne5 42. Bd2 Be3 43. Bc3 Nf3 44. Bg2 Nh4 45. Be4 f3 46. Bd3 f2
47. b4 cxb4 48. Bxb4 Kg7 49. Bc3+ f6 50. Bc4 Nxf5 51. Kg2 Nd6 52. Bd3 Nf7 53.
Ba5 h5 54. Bc7 Ng5 55. Bd6 Ne6 56. Bc4 Nd4 57. Bg3 Kg6 58. Bc7 Kg5 59. Ba6 Nc2
60. Bd8 Bd4 61. Bb5 Kh4 62. Be8 Ne1+ 63. Kf1 Nf3 64. Kg2 Ng5 65. Bd7 Ne4 66.
Bc6 Nd2 67. Bb5 Ne4 68. Bc6 Ng5 69. Bd7 Nf7 70. Bc7 Kg5 71. Be8 Nh6 72. Bd7 Nf5
73. Be8 Ne3+ 0-1

[Event "SR 1. liga zapad 2015/2016"]
[Site "?"]
[Date "2015.10.24"]
[Round "1.1"]
[White "Maros, Milan"]
[Black "Ruckschloss, Karol"]
[Result "1-0"]
[WhiteElo "2337"]
[BlackElo "2258"]
[PlyCount "63"]
[EventDate "2015.??.??"]

1. e4 d6 2. d4 g6 3. Nc3 Bg7 4. Be3 c6 5. Qd2 b5 6. h4 h5 7. Nh3 a5 8. Ng5 b4
9. Ne2 Nd7 10. Nf4 Nb6 11. c4 bxc3 12. bxc3 Nf6 13. Bd3 Ng4 14. O-O O-O 15.
Rab1 Qc7 16. Rb2 Bd7 17. Rfb1 Rfb8 18. e5 Nxe3 19. Qxe3 dxe5 20. dxe5 Bxe5 21.
Nxg6 fxg6 22. Rxb6 Rxb6 23. Rxb6 Kg7 24. Rb7 Qd6 25. Rxd7 Bh2+ 26. Kh1 Qxd7 27.
Kxh2 Qd6+ 28. g3 e5 29. Be4 Re8 30. Qa7+ Re7 31. Qxa5 c5 32. Kg2 1-0

[Event "SR 1. liga zapad 2015/2016"]
[Site "?"]
[Date "2015.10.24"]
[Round "1.1"]
[White "Janos, Martin"]
[Black "Ondrus, Martin"]
[Result "1-0"]
[WhiteElo "2269"]
[BlackElo "2317"]
[PlyCount "105"]
[EventDate "2015.??.??"]

1. e4 c5 2. d4 cxd4 3. Nf3 Nc6 4. Nxd4 e6 5. Be3 Nf6 6. Bd3 d5 7. Nxc6 bxc6 8.
Nd2 Be7 9. O-O O-O 10. e5 Nd7 11. Nf3 Qc7 12. Bf4 Rb8 13. b3 Nc5 14. Re1 Rd8
15. c3 Nxd3 16. Qxd3 h6 17. Rad1 c5 18. Nd2 Qa5 19. Qc2 Bb7 20. Re3 Bf8 21. Rg3
Kh8 22. Nf1 d4 23. c4 d3 24. Rdxd3 Be4 25. Rxd8 Bxc2 26. Rxb8 Kg8 27. Bxh6 Bg6
28. Bg5 Qc7 29. Rd8 f6 30. exf6 gxf6 31. Bxf6 Kf7 32. Rxf8+ Kxf8 33. Rxg6 Qa5
34. a4 Kf7 35. Rh6 Qb4 36. g4 Qxb3 37. Ne3 Qxa4 38. Be5 Qa2 39. Kg2 Qb1 40. Kf3
Qh1+ 41. Kf4 Qg1 42. Kg5 a5 43. Rh7+ Ke8 44. Kf6 Qh1 45. Re7+ Kd8 46. Kxe6 Qc6+
47. Kf7 Qf3+ 48. Nf5 a4 49. Bf6 Kc8 50. Nd6+ Kb8 51. g5 a3 52. g6 a2 53. g7 1-0

[Event "SR 1. liga zapad 2015/2016"]
[Site "?"]
[Date "2015.10.24"]
[Round "1.1"]
[White "Debnar, Lubos"]
[Black "Janos, Jozef"]
[Result "1-0"]
[WhiteElo "2301"]
[BlackElo "2133"]
[PlyCount "121"]
[EventDate "2015.??.??"]

1. d4 Nf6 2. c4 e6 3. Nc3 d5 4. Bg5 c6 5. cxd5 exd5 6. Qc2 Be7 7. Nf3 O-O 8. e3
Nbd7 9. Bd3 h6 10. Bf4 Bb4 11. O-O Re8 12. Rac1 Qa5 13. a3 Bxc3 14. Qxc3 Qxc3
15. Rxc3 Ne4 16. Rc2 Nf8 17. h3 Bf5 18. g4 Bh7 19. b4 a6 20. a4 Ne6 21. Bh2
N4g5 22. Bxh7+ Kxh7 23. Nxg5+ hxg5 24. Rb1 Rac8 25. Rbc1 Ra8 26. Bg3 f6 27. Kg2
Kg6 28. h4 Re7 29. h5+ Kf7 30. Rb1 Rd7 31. Kf3 Ke7 32. Ke2 Rf8 33. Kd3 Ra8 34.
b5 axb5 35. axb5 Ra3+ 36. Ke2 c5 37. dxc5 d4 38. Bd6+ Kf7 39. Rd1 d3+ 40. Rxd3
Rxd3 41. Kxd3 b6 42. Kc4 bxc5 43. Kd5 Rb7 44. Kc6 Nd8+ 45. Kxc5 Ke6 46. Bg3 Rd7
47. Kb6 Rd3 48. Rc7 Nf7 49. Kb7 Rb3 50. b6 Rb4 51. Rxf7 Kxf7 52. Kc6 Rxg4 53.
b7 Rb4 54. b8=Q Rxb8 55. Bxb8 Kg8 56. Kd7 Kh7 57. Ke6 Kh6 58. Kf7 Kxh5 59. Kxg7
f5 60. Kf6 Kg4 61. f4 1-0

[Event "SR 1. liga zapad 2015/2016"]
[Site "?"]
[Date "2015.10.24"]
[Round "1.1"]
[White "Sulek, Viliam"]
[Black "Kalisky, Vladimir"]
[Result "1-0"]
[WhiteElo "2044"]
[BlackElo "2275"]
[PlyCount "89"]
[EventDate "2015.??.??"]

1. e4 c5 2. Nf3 Nc6 3. d4 cxd4 4. Nxd4 Nf6 5. Nc3 g6 6. g3 Bg7 7. Bg2 O-O 8.
O-O Nxd4 9. Qxd4 d6 10. Qd1 Bg4 11. f3 Qb6+ 12. Kh1 Be6 13. Nd5 Bxd5 14. exd5
Rfc8 15. Re1 Rc7 16. c3 h5 17. h3 Qf2 18. Be3 Qxb2 19. Bd4 Ne8 20. Re2 Qa3 21.
Qe1 Bxd4 22. cxd4 Ng7 23. g4 Rac8 24. Kh2 Rc2 25. Qf2 Qb2 26. Rae1 Qxa2 27. f4
Qb3 28. f5 hxg4 29. hxg4 R8c3 30. f6 exf6 31. Qxf6 Rxe2 32. Rxe2 Rc8 33. Qxd6
Qd3 34. Re4 g5 35. Re5 Rc2 36. Qd8+ Kh7 37. Qxg5 Qd2 38. Qh4+ Kg6 39. Qg3 Qxd4
40. Re7 Qxd5 41. Kh3 Qg5 42. Be4+ Kf6 43. Qd6+ Ne6 44. Rxe6+ fxe6 45. Qd8+ 1-0

[Event "SR 1. liga zapad 2015/2016"]
[Site "?"]
[Date "2015.10.24"]
[Round "1.1"]
[White "Gorusa, Miroslav"]
[Black "Sturc, Jan"]
[Result "1/2-1/2"]
[WhiteElo "2167"]
[BlackElo "2044"]
[PlyCount "103"]
[EventDate "2015.??.??"]

1. d4 d5 2. Nf3 Nf6 3. c4 c6 4. Nc3 e6 5. e3 Nbd7 6. Qc2 Bd6 7. Bd3 dxc4 8.
Bxc4 O-O 9. O-O e5 10. dxe5 Nxe5 11. Nxe5 Bxe5 12. f4 Bc7 13. Bd2 Qe7 14. Rae1
Rd8 15. Kh1 b5 16. Bb3 Ng4 17. h3 Qh4 18. Kg1 Nf6 19. Bc1 Bb6 20. Qf2 Qxf2+ 21.
Kxf2 h5 22. Kf3 Bb7 23. Bc2 c5+ 24. e4 Ba5 25. Rd1 a6 26. Rxd8+ Rxd8 27. Rd1
Rxd1 28. Nxd1 Kf8 29. g4 hxg4+ 30. hxg4 Nd7 31. Be3 Bd8 32. Ke2 Be7 33. Nf2 f6
34. b3 g5 35. Bd3 Bd6 36. Kd1 c4 37. bxc4 bxc4 38. Bc2 Bc5 39. Bxc5+ Nxc5 40.
Kd2 Ne6 41. Ke3 Ke7 42. f5 Nc5 43. Kd4 Kd6 44. Nd1 Nd7 45. Ne3 Ne5 46. Bd1 Nc6+
47. Kc3 Kc5 48. Be2 Ne5 49. a3 Bc6 50. Nxc4 Nxc4 51. Bxc4 Bxe4 52. Be2 1/2-1/2

[Event "SR 1. liga zapad 2015/2016"]
[Site "?"]
[Date "2015.10.24"]
[Round "1.1"]
[White "Hudec, Jan"]
[Black "Horvath, Marian"]
[Result "0-1"]
[WhiteElo "2017"]
[BlackElo "2161"]
[PlyCount "102"]
[EventDate "2015.??.??"]

1. d4 d5 2. c4 c6 3. Nf3 Nf6 4. Nc3 a6 5. c5 Bf5 6. Bf4 Nbd7 7. Qb3 Qc8 8. h3
h6 9. e3 e6 10. Be2 Be7 11. g4 Bh7 12. Rg1 Ne4 13. Nxe4 Bxe4 14. Qc3 Bd8 15.
Nd2 Bg6 16. a4 f6 17. a5 Bc7 18. Bxc7 Qxc7 19. Bd3 Bxd3 20. Qxd3 O-O-O 21. b4
e5 22. O-O-O e4 23. Qf1 Rde8 24. Nb1 Rhf8 25. Nc3 g5 26. f4 gxf4 27. Qxf4 Qxf4
28. exf4 f5 29. Rdf1 fxg4 30. hxg4 Rg8 31. g5 hxg5 32. fxg5 Rg7 33. Kd2 Reg8
34. Rf5 Kd8 35. Ne2 Rf8 36. Rgf1 Rxf5 37. Rxf5 Ke7 38. Ke3 Nf8 39. Kf4 Ne6+ 40.
Kg4 Rf7 41. Rxf7+ Kxf7 42. Kh5 Kg7 43. g6 Kf6 44. Kh6 Kf5 45. g7 Nxg7 46. Kxg7
Kg4 47. Kf6 Kf3 48. Nc1 Ke3 49. Nb3 Kd3 50. Nc1+ Kd2 51. Nb3+ Kc2 0-1

[Event "SR 1. liga zapad 2015/2016"]
[Site "?"]
[Date "2015.10.24"]
[Round "1.2"]
[White "Pacher, Milan"]
[Black "Certek, Pavel"]
[Result "1/2-1/2"]
[WhiteElo "2471"]
[BlackElo "2264"]
[PlyCount "131"]
[EventDate "2015.??.??"]

1. d4 Nf6 2. c4 e6 3. Nf3 d5 4. Nc3 Be7 5. Bf4 O-O 6. e3 c5 7. dxc5 Bxc5 8. Qc2
Nc6 9. Rd1 Qe7 10. a3 Rd8 11. b4 Bd6 12. Bxd6 Rxd6 13. Be2 dxc4 14. O-O Rxd1
15. Rxd1 b6 16. Nb5 Bb7 17. Nd6 h6 18. Bxc4 Rd8 19. Nxb7 Rxd1+ 20. Qxd1 Qxb7
21. Bb5 a6 22. Be2 Nd5 23. Qc1 a5 24. b5 Nce7 25. Ne5 Qc7 26. Nc6 Kf8 27. Bf3
Nxc6 28. bxc6 Ke7 29. e4 Nf4 30. Qc4 Ng6 31. Be2 Ne5 32. Qc3 Kd8 33. Qd4+ Kc8
34. Ba6+ Kb8 35. Bb5 f6 36. h4 Nxc6 37. Bxc6 Qxc6 38. Qd8+ Kb7 39. Qe7+ Qc7 40.
Qxe6 Qc1+ 41. Kh2 Qxa3 42. Qd7+ Ka6 43. Qxg7 Qd6+ 44. Kh3 Qe6+ 45. g4 h5 46. f3
hxg4+ 47. fxg4 Qb3+ 48. Kg2 Qc2+ 49. Kf3 Qd3+ 50. Kf4 Qf1+ 51. Ke3 Qe1+ 52. Kd3
Qxh4 53. Qg8 Qg3+ 54. Kd4 Qe5+ 55. Kd3 Qg3+ 56. Kd4 Qf4 57. Kd3 Qf3+ 58. Kd4
Qd1+ 59. Kc3 Qc1+ 60. Kd3 Qa3+ 61. Kd4 Qc5+ 62. Kd3 Qa3+ 63. Kd4 Qc5+ 64. Kd3
Qd6+ 65. Ke3 Qc5+ 66. Kd3 1/2-1/2

[Event "SR 1. liga zapad 2015/2016"]
[Site "?"]
[Date "2015.10.24"]
[Round "1.2"]
[White "Havlicek, Libor Ml"]
[Black "Timoscenko, Gennadij"]
[Result "1/2-1/2"]
[WhiteElo "2264"]
[BlackElo "2468"]
[PlyCount "65"]
[EventDate "2015.??.??"]

1. d4 Nf6 2. Nf3 g6 3. g3 Bg7 4. Bg2 O-O 5. O-O d6 6. c4 Nc6 7. Nc3 a6 8. Re1
Rb8 9. a4 a5 10. h3 Nd7 11. e4 e5 12. Be3 exd4 13. Nxd4 Nde5 14. b3 Nxd4 15.
Bxd4 Be6 16. Ne2 Nc6 17. Be3 Bxa1 18. Qxa1 f6 19. f4 Qd7 20. g4 Qg7 21. Bc1 g5
22. Bb2 Qh6 23. Rf1 Rbe8 24. Ng3 gxf4 25. Nh5 Ne5 26. Rxf4 Rf7 27. Qf1 Ref8 28.
Bc1 Qg6 29. Rf2 Bc8 30. Nf4 Qg7 31. Nh5 Qg6 32. Nf4 Qg7 33. Nh5 1/2-1/2

[Event "SR 1. liga zapad 2015/2016"]
[Site "?"]
[Date "2015.10.24"]
[Round "1.2"]
[White "Chovan, Milan Ml"]
[Black "Hacik, Radomir"]
[Result "1-0"]
[WhiteElo "2256"]
[BlackElo "2213"]
[PlyCount "81"]
[EventDate "2015.??.??"]

1. c4 e5 2. Nc3 Nc6 3. g3 g6 4. Bg2 Bg7 5. d3 Nge7 6. e3 O-O 7. Nge2 d6 8. O-O
Re8 9. b3 Be6 10. Bb2 d5 11. e4 dxc4 12. dxc4 Nd4 13. Nd5 Nxe2+ 14. Qxe2 c6 15.
Nb4 Qc7 16. c5 a5 17. Nd3 a4 18. Qc2 Red8 19. Rfd1 g5 20. Bc3 axb3 21. axb3 Ng6
22. Bf3 Rxa1 23. Bxa1 Ra8 24. Bb2 Ra2 25. Qc3 Qa5 26. b4 Qc7 27. Be2 Ra8 28. f4
f5 29. exf5 Bxf5 30. Nxe5 Nxe5 31. fxe5 Re8 32. Rf1 Bg6 33. Qb3+ Kh8 34. e6
Bxb2 35. Qxb2+ Qg7 36. Rf6 Kg8 37. Bc4 Re7 38. Qd4 h6 39. Qd8+ Re8 40. e7+ Kh7
41. Rxg6 1-0

[Event "SR 1. liga zapad 2015/2016"]
[Site "?"]
[Date "2015.10.24"]
[Round "1.2"]
[White "Kubala, Jan"]
[Black "Briestensky, Rastislav St"]
[Result "0-1"]
[WhiteElo "2213"]
[BlackElo "2318"]
[PlyCount "56"]
[EventDate "2015.??.??"]

1. e4 c6 2. d3 d5 3. Nd2 e5 4. Ngf3 Qd6 5. g3 g6 6. Bg2 Bg7 7. O-O Ne7 8. Re1
O-O 9. Qe2 Nd7 10. d4 exd4 11. e5 Qe6 12. Nb3 c5 13. Bf4 h6 14. h4 Re8 15. Kh2
Qc6 16. e6 fxe6 17. Qxe6+ Qxe6 18. Rxe6 Nf6 19. Re2 Ne4 20. Ne5 g5 21. hxg5
hxg5 22. Bxe4 dxe4 23. Bxg5 Bxe5 24. Rxe4 Nc6 25. Rae1 Bf5 26. R4e2 c4 27. f4
cxb3 28. axb3 Bg4 0-1

[Event "SR 1. liga zapad 2015/2016"]
[Site "?"]
[Date "2015.10.24"]
[Round "1.2"]
[White "Holeva, Marek"]
[Black "Sosovicka, Juraj"]
[Result "1-0"]
[WhiteElo "2094"]
[BlackElo "2210"]
[PlyCount "73"]
[EventDate "2015.??.??"]

1. Nf3 d5 2. d3 Nf6 3. g3 Bg4 4. Bg2 c6 5. O-O Nbd7 6. c4 e6 7. cxd5 exd5 8.
Nc3 Bxf3 9. Bxf3 d4 10. Ne4 Nxe4 11. Bxe4 Bd6 12. Bd2 Qb6 13. b4 Nf6 14. Bg2 h5
15. Rb1 h4 16. a4 Qc7 17. b5 hxg3 18. hxg3 Ng4 19. Qc1 c5 20. Bf4 O-O-O 21. a5
Bxf4 22. Qxf4 Qxf4 23. gxf4 Rhe8 24. b6 axb6 25. Rfc1 Rd6 26. Rxb6 Rxb6 27.
axb6 Kb8 28. Rxc5 g6 29. Rc7 Rxe2 30. Bf3 Re1+ 31. Kg2 f5 32. Rxb7+ Kc8 33.
Rc7+ Kd8 34. Rg7 Rb1 35. Rg8+ Kd7 36. b7 Kc7 37. Rc8+ 1-0

[Event "SR 1. liga zapad 2015/2016"]
[Site "?"]
[Date "2015.10.24"]
[Round "1.2"]
[White "Stehlik, Peter"]
[Black "Kovac, Andrej"]
[Result "0-1"]
[WhiteElo "2016"]
[BlackElo "2181"]
[PlyCount "72"]
[EventDate "2015.??.??"]

1. Nf3 d5 2. d4 c6 3. g3 Nf6 4. Bg2 e6 5. O-O Bd6 6. c4 O-O 7. Qb3 Nbd7 8. Nc3
Re8 9. Rd1 b6 10. e4 Nxe4 11. Nxe4 dxe4 12. Ng5 Nf6 13. Nxe4 Nxe4 14. Bxe4 Qc7
15. Qf3 Bb7 16. Bf4 e5 17. Be3 exd4 18. Bxd4 Rxe4 19. Qxe4 c5 20. Qg4 cxd4 21.
Qxd4 Rd8 22. Rd3 Be7 23. Qc3 Rxd3 24. Qxd3 Qc6 25. f3 Qxf3 26. Qxf3 Bxf3 27.
Kf2 Bc6 28. b3 Bc5+ 29. Ke2 f5 30. Rd1 Kf7 31. Rd8 a5 32. h4 Kg6 33. Rd1 Kh5
34. Rf1 Be4 35. Rc1 Kg4 36. Rc3 Bd4 0-1

[Event "SR 1. liga zapad 2015/2016"]
[Site "?"]
[Date "2015.10.24"]
[Round "1.2"]
[White "Valent, Ivan"]
[Black "Hlavina, Lubomir Ml"]
[Result "1-0"]
[WhiteElo "2214"]
[BlackElo "1964"]
[PlyCount "95"]
[EventDate "2015.??.??"]

1. e4 e5 2. Nf3 Nc6 3. Bb5 a6 4. Ba4 Nf6 5. O-O Be7 6. Re1 b5 7. Bb3 d6 8. c3
O-O 9. h3 Bb7 10. d4 Na5 11. Bc2 exd4 12. cxd4 c5 13. d5 Nc4 14. b3 Nb6 15. Bb2
Re8 16. a4 bxa4 17. bxa4 Nc4 18. Bc3 Nd7 19. Bd3 Nce5 20. Nxe5 Nxe5 21. Bxe5
dxe5 22. a5 c4 23. Bxc4 Bb4 24. Re2 Bxa5 25. Rea2 Bb6 26. Bxa6 Bxf2+ 27. Rxf2
Rxa6 28. Rxa6 Bxa6 29. Qa4 Qb8 30. Nc3 Qc8 31. d6 Rd8 32. Nd5 Qc1+ 33. Kh2 Qc5
34. Rc2 Qb5 35. Qa1 Rxd6 36. Qxe5 Rd8 37. Rc7 Qe8 38. Re7 Qf8 39. Qg5 Rd6 40.
Ra7 Re6 41. Nc7 Rg6 42. Qe5 Bc8 43. Nd5 Re6 44. Ne7+ Kh8 45. Qc5 Qe8 46. Nxc8
Rxe4 47. Nd6 Qb8 48. Rb7 1-0

[Event "SR 1. liga zapad 2015/2016"]
[Site "?"]
[Date "2015.10.24"]
[Round "1.3"]
[White "Dobrotka, Martin"]
[Black "Vojtek, Vladimir"]
[Result "0-1"]
[WhiteElo "2183"]
[BlackElo "2332"]
[PlyCount "102"]
[EventDate "2015.??.??"]

1. d4 e6 2. e4 d5 3. e5 c5 4. c3 Nc6 5. Nf3 Qb6 6. Be2 Bd7 7. O-O f6 8. dxc5
Bxc5 9. b4 Be7 10. exf6 Bxf6 11. Bg5 Nge7 12. b5 Na5 13. Bxf6 gxf6 14. Qd4 O-O
15. Nbd2 Rac8 16. Qb4 Rf7 17. Rfc1 Ng6 18. a4 Ne5 19. Nd4 Nac4 20. a5 Qc7 21.
Nxc4 Nxc4 22. Bxc4 Qxc4 23. Qxc4 Rxc4 24. b6 a6 25. f4 e5 26. fxe5 fxe5 27. Nf3
Re7 28. Re1 e4 29. Re3 Kf8 30. Nd2 Rc6 31. Nb3 Re5 32. Rf1+ Ke7 33. Rf4 Rf6 34.
Rxf6 Kxf6 35. Kf2 Rf5+ 36. Kg3 Ke5 37. Re1 Kd6 38. h4 Rf7 39. Rd1 Ba4 40. Rb1
Bxb3 41. Rxb3 Kc5 42. Rb1 Kc4 43. Re1 h5 44. Kh3 Rf5 45. Re3 Rf4 46. g3 Rf3 47.
Re1 Rxc3 48. Rf1 e3 49. Rf7 e2 50. Re7 Kd3 51. Kg2 Rc1 0-1

[Event "SR 1. liga zapad 2015/2016"]
[Site "?"]
[Date "2015.10.24"]
[Round "1.3"]
[White "Borik, Juraj"]
[Black "Hanko, Pavol"]
[Result "1-0"]
[WhiteElo "2166"]
[BlackElo "2144"]
[PlyCount "89"]
[EventDate "2015.??.??"]

1. Nf3 Nf6 2. c4 g6 3. Nc3 Bg7 4. g3 O-O 5. Bg2 d6 6. O-O Nc6 7. d3 e5 8. Bg5
h6 9. Bd2 Be6 10. b4 Nxb4 11. Rb1 Na6 12. Rxb7 Nc5 13. Rb5 Nfd7 14. Ne1 a6 15.
Rb1 Rb8 16. Nc2 Rxb1 17. Qxb1 Nb8 18. Nb4 Qd7 19. Rd1 a5 20. Nbd5 Nba6 21. Bxh6
c6 22. Nb6 Qc7 23. Bxg7 Kxg7 24. Nba4 Rb8 25. Qc1 Nd7 26. Ne4 f6 27. Qa3 Nb4
28. Nac3 d5 29. Nd2 Bf7 30. cxd5 cxd5 31. Rc1 Qa7 32. Na4 Qd4 33. h3 e4 34. Nb3
Qe5 35. d4 Qg5 36. Rc7 Nf8 37. Nac5 e3 38. Qxa5 exf2+ 39. Kxf2 Nc2 40. Rxf7+
Kxf7 41. Qc7+ Kg8 42. Qxb8 Qe3+ 43. Kf1 Qc3 44. Kg1 Nxd4 45. Nd7 1-0

[Event "SR 1. liga zapad 2015/2016"]
[Site "?"]
[Date "2015.10.24"]
[Round "1.3"]
[White "Lakatos, Vladimir"]
[Black "Lazo, Juraj"]
[Result "0-1"]
[WhiteElo "2067"]
[BlackElo "2058"]
[PlyCount "80"]
[EventDate "2015.??.??"]

1. c4 Nf6 2. Nc3 e6 3. e4 d6 4. f4 c5 5. Nf3 Nc6 6. d4 cxd4 7. Nxd4 a6 8. Be3
Qa5 9. Nb3 Qc7 10. Be2 Be7 11. O-O O-O 12. Rc1 Bd7 13. Qe1 Rac8 14. Qg3 Qb8 15.
f5 Kh8 16. Nd2 b5 17. cxb5 axb5 18. Nxb5 Ne5 19. a4 exf5 20. exf5 Rxc1 21. Rxc1
Rc8 22. Rf1 Rc2 23. b3 Nd5 24. Bd1 Ra2 25. Ne4 Bxb5 26. axb5 Qxb5 27. f6 Nxf6
28. Nxf6 Bxf6 29. Rxf6 gxf6 30. Qh4 Qd3 31. Qxf6+ Kg8 32. Qd8+ Kg7 33. Qg5+ Ng6
34. h4 Qxd1+ 35. Kh2 Qa1 36. Qh6+ Kg8 37. h5 Qe5+ 38. Kh3 Qe6+ 39. Kg3 Qe4 40.
hxg6 Rxg2+ 0-1